|
|
|
|
| LEADER |
00000naa2a2200000 4500 |
| 001 |
382097 |
| 005 |
20231101062916.0 |
| 035 |
|
|
|a (RuTPU)RU\TPU\prd\5473
|
| 090 |
|
|
|a 382097
|
| 100 |
|
|
|a 20020819a2002 k y0rusy50 ca
|
| 101 |
0 |
|
|a rus
|
| 102 |
|
|
|a RU
|
| 200 |
1 |
|
|a Моделирование процесса формообразования поверхностей деталей вращения на операциях суперфиниширования
|f А. В. Кочетков, А. А. Королев
|
| 225 |
1 |
|
|a Современные технологии
|
| 461 |
|
1 |
|0 (RuTPU)RU\TPU\prd\1282
|x 0869-4931
|t Автоматизация и современные технологии
|o межотраслевой научно-технический журнал
|d 1992-
|
| 463 |
|
1 |
|0 (RuTPU)RU\TPU\prd\5074
|t № 5
|v С. 18-21
|d 2002
|
| 610 |
1 |
|
|a подшипники качения
|
| 610 |
1 |
|
|a эксплуатационные свойства
|
| 610 |
1 |
|
|a моделирование
|
| 610 |
1 |
|
|a формообразование
|
| 610 |
1 |
|
|a суперфиниширование
|
| 675 |
|
|
|a 621.75
|v 3
|
| 700 |
|
1 |
|a Кочетков
|b А. В.
|
| 701 |
|
1 |
|a Королев
|b А. А.
|
| 801 |
|
1 |
|a RU
|b 63413507
|c 20020819
|g PSBO
|
| 801 |
|
2 |
|a RU
|b 63413507
|c 20120220
|g PSBO
|
| 942 |
|
|
|c BK
|